| 000 | 00760nam a2200265#a 4500 | ||
|---|---|---|---|
| 001 | 01158 | ||
| 003 | HDC | ||
| 007 | ta | ||
| 008 | 230623s2023 xx 000 0 eng d | ||
| 020 | _a983465248 (pbk.). | ||
| 040 | _aHDC | ||
| 050 |
_aBP 173.75 _b .A53 |
||
| 100 | _aAl-Assal, Ahmad Muhammad | ||
| 245 | 0 |
_aEkonomi Islam : _bprinsip-prinsip & matlamat / _cDr. Ahmad Muhammad al-Assal, Dr. Fathi Ahmad Abdul Karim |
|
| 264 |
_aCheras : _bSerambi Timur, _c[200?] |
||
| 300 |
_a139p. ; _c 21cm |
||
| 500 | _aMengandungi ayat-ayat dari Quran | ||
| 650 |
_aEconomics _xReligious aspects _xIslam |
||
| 650 |
_aIslam _xEconomic aspects |
||
| 700 | _aAbdul Karim, Fathi Ahmad | ||
| 942 | _2lcc | ||
| 942 | _cBK | ||
| 942 | _kBP 173.75 | ||
| 942 | _m .A53 | ||
| 999 |
_c22730 _d22730 |
||